Μυλοτόπια, μύλοι και μυλωνάδες

Αποθηκεύτηκε σε:
Λεπτομέρειες βιβλιογραφικής εγγραφής
Κύριος συγγραφέας: Ρούσκας, Ιωάννης Ε. 1943-
Μορφή: Βιβλίο
Γλώσσα:Greek
Δημοσίευση: Αθήναι : [χ.ό.], 1999
Θέματα:
Ετικέτες: Προσθήκη ετικέτας
Δεν υπάρχουν, Καταχωρήστε ετικέτα πρώτοι!

MARC

LEADER 00000cam a2200000 i 4500
001 1/58401
008 040629s1999 gre d
020 |a 960-85363-2-4 
035 |l 10073938 
040 |a GR-MY-UA  |b gre  |e aacr 
041 0 |a gre 
080 |a 621.21 
082 0 |a 390.4664  |2 (21) 
100 1 |a Ρούσκας, Ιωάννης Ε.  |d 1943- 
245 1 0 |a Μυλοτόπια, μύλοι και μυλωνάδες /  |c Γιάννης Ρούσκας 
260 |a Αθήναι :   |b [χ.ό.],   |c 1999 
300 |a 132 σ.;  |b εικ.;  |c 24x21 εκ. 
504 |a Περιέχει βιβλιογραφία 
650 0 0 |a Mills and mill-work  |z Greece. 
650 0 0 |a Mills and mill-work in art  |z Greece. 
650 0 0 |a Millers  |z Greece. 
650 0 0 |a Water mills  |z Greece. 
650 0 0 |a Water mills  |x History. 
852 |a INST  |b LESVOS  |e 20040629  |h 390.4664 ΡΟΥ  |p 005100030614  |q 005100030614  |t BK  |y 0 
852 |a INST  |b SAMOS  |e 20120621  |h 621.21 ΡΟΥ  |p 005300033719  |q 005300033719  |t BK  |y 0 
901 |a BIBL3-2012-2 
901 |a BIBL1-2004-2 
909 |a Σ  |b 172362 
909 |a Λ  |b 103420 
970 |z 2012/06/26 
970 |a ΤΖΑΦΕΡΗ  |b ΕΥΑΓΓΕΛΙΑ  |z 2004/06/28